000 00891 a2200193 4500
001 58919
005 20260407155843.0
008 260407a1978 arg spa d
003 AR-UNSa-BCEJYS
040 _aAR-UNSa-BCEJYS
_bspa
_cAR-UNSa-BCEJYS
080 _a339.9
_xEconomía internacional en general. Relaciones económicas internacionales. Economía mundial
245 1 0 _aLa economía internacional del desarrollo
264 1 _aBuenos Aires :
_bEl Ateneo
_c1978
300 _a148 p.
_c22 cm.
505 _a1. Introducción - 2. Los costos comparativos - 3. Los términos del intercambio - 4. El balance exterior - 5. La ayuda internacional - 6. La inversión privada extranjera - 7. La política comercial - 8. El desarrollo por medio del intercambio - 9. La reforma económica internacional.
942 _cBK
590 _aniveau_biblio:m niveau_hierar:0
100 1 _aMeier, Gerald M.
999 _c6508
_d6508